Chemicals in western Europe:1850-1914 : An economic study of technical change

Contents: Soda and related heavy chemicals; Coal-tar and oranic chemicals; Chemical fertilizers; Electricity and chemical processes

সংরক্ষণ করুন:
গ্রন্থ-পঞ্জীর বিবরন
প্রধান লেখক: Hohenberg, Paul M.
বিন্যাস: গ্রন্থ
ভাষা:Undetermined
প্রকাশিত: Chicago Rand McNally And Company 1967
বিষয়গুলি:
ট্যাগগুলো: ট্যাগ যুক্ত করুন
কোনো ট্যাগ নেই, প্রথমজন হিসাবে ট্যাগ করুন!
Thư viện lưu trữ: Trung tâm Học liệu Trường Đại học Cần Thơ
LEADER 00738nam a2200205Ia 4500
001 CTU_84129
008 210402s9999 xx 000 0 und d
082 |a 338.4 
082 |b H717 
100 |a Hohenberg, Paul M. 
245 0 |a Chemicals in western Europe:1850-1914 : 
245 3 |b An economic study of technical change 
245 0 |c Paul M. Hohenberg 
260 |a Chicago 
260 |b Rand McNally And Company 
260 |c 1967 
520 |a Contents: Soda and related heavy chemicals; Coal-tar and oranic chemicals; Chemical fertilizers; Electricity and chemical processes 
650 |a Chemical industry,Công nghiệp hóa chất 
904 |i QHieu(sửa) 
980 |a Trung tâm Học liệu Trường Đại học Cần Thơ